[Event "Amsterdam Science Park 2023"]
[Site "Science Park, Amsterdam, Netherlands"]
[Date "2023.07.22"]
[Round "8.9"]
[White "Shakhverdian, William"]
[Black "Van Rootselaar, Rik"]
[Result "1-0"]
[WhiteElo "2129"]
[BlackElo "1891"]

1. d4 {[%clk 01:30:58]} {[%emt 19:30:51]} f5 {[%clk 01:29:57]} {[%emt
00:01:04]} 2. c4 {[%clk 01:31:14]} {[%emt 00:00:14]} e6 {[%clk 01:30:13]}
{[%emt 00:00:15]} 3. g3 {[%clk 01:31:14]} {[%emt 00:00:30]} Nf6 {[%clk
01:30:37]} {[%emt 00:00:06]} 4. Bg2 {[%clk 01:31:41]} {[%emt 00:00:04]} Be7
{[%clk 01:30:58]} {[%emt 00:00:08]} 5. Nc3 {[%clk 01:30:54]} {[%emt 00:01:18]}
O-O {[%clk 01:30:47]} {[%emt 00:00:41]} 6. Nh3 {[%clk 01:29:43]} {[%emt
00:01:41]} d6 {[%clk 01:30:45]} {[%emt 00:00:32]} 7. Nf4 {[%clk 01:26:33]}
{[%emt 00:03:40]} c6 {[%clk 01:30:14]} {[%emt 00:01:01]} 8. Nd3 {[%clk
01:21:39]} {[%emt 00:05:24]} Qe8 {[%clk 01:27:54]} {[%emt 00:02:50]} 9. O-O
{[%clk 01:20:31]} {[%emt 00:01:38]} Nbd7 {[%clk 01:25:58]} {[%emt 00:02:26]} 10.
e4 {[%clk 01:14:23]} {[%emt 00:06:39]} e5 {[%clk 01:23:06]} {[%emt 00:03:22]}
11. exf5 {[%clk 01:04:33]} {[%emt 00:10:20]} exd4 {[%clk 01:22:43]} {[%emt
00:00:53]} 12. Ne2 {[%clk 01:04:42]} {[%emt 00:00:21]} c5 {[%clk 01:21:00]}
{[%emt 00:02:12]} 13. Nef4 {[%clk 01:02:44]} {[%emt 00:02:28]} Nb6 {[%clk
01:18:12]} {[%emt 00:03:18]} 14. g4 {[%clk 00:58:39]} {[%emt 00:04:35]} Kh8
{[%clk 01:06:34]} {[%emt 00:12:08]} 15. b3 {[%clk 00:57:29]} {[%emt 00:01:40]}
a5 {[%clk 00:58:23]} {[%emt 00:08:41]} 16. a4 {[%clk 00:54:52]} {[%emt
00:03:07]} Qf7 {[%clk 00:54:49]} {[%emt 00:04:03]} 17. Re1 {[%clk 00:49:47]}
{[%emt 00:05:36]} Ne8 {[%clk 00:50:16]} {[%emt 00:05:03]} 18. Nd5 {[%clk
00:45:46]} {[%emt 00:04:30]} Bd8 {[%clk 00:47:56]} {[%emt 00:02:50]} 19. Nxb6
{[%clk 00:32:19]} {[%emt 00:13:57]} Bxb6 {[%clk 00:48:19]} {[%emt 00:00:07]} 20.
Bg5 {[%clk 00:32:45]} {[%emt 00:00:04]} Nf6 {[%clk 00:46:51]} {[%emt 00:01:57]}
21. Nf4 {[%clk 00:32:33]} {[%emt 00:00:42]} Bd7 {[%clk 00:44:06]} {[%emt
00:03:15]} 22. Bxf6 {[%clk 00:24:09]} {[%emt 00:08:54]} gxf6 {[%clk 00:41:10]}
{[%emt 00:03:26]} 23. Qf3 {[%clk 00:18:30]} {[%emt 00:06:10]} Bc6 {[%clk
00:38:10]} {[%emt 00:03:30]} 24. Qh3 {[%clk 00:18:53]} {[%emt 00:00:07]} Rfe8
{[%clk 00:35:48]} {[%emt 00:02:51]} 25. Bd5 {[%clk 00:16:20]} {[%emt 00:03:03]}
Bxd5 {[%clk 00:29:39]} {[%emt 00:06:39]} 26. Nxd5 {[%clk 00:16:44]} {[%emt
00:00:06]} Bd8 {[%clk 00:27:19]} {[%emt 00:02:50]} 27. Qg3 {[%clk 00:12:25]}
{[%emt 00:04:50]} Rg8 {[%clk 00:23:11]} {[%emt 00:04:37]} 28. h3 {[%clk
00:11:20]} {[%emt 00:01:35]} b6 {[%clk 00:18:50]} {[%emt 00:04:51]} 29. Re6
{[%clk 00:10:33]} {[%emt 00:01:17]} Ra7 {[%clk 00:19:06]} {[%emt 00:00:14]} 30.
Rae1 {[%clk 00:10:33]} {[%emt 00:00:30]} Rd7 {[%clk 00:17:28]} {[%emt
00:02:08]} 31. Kf1 {[%clk 00:09:57]} {[%emt 00:01:06]} Rf8 {[%clk 00:16:18]}
{[%emt 00:01:39]} 32. R1e4 {[%clk 00:08:21]} {[%emt 00:02:06]} Rg8 {[%clk
00:16:15]} {[%emt 00:00:33]} 33. Ke2 {[%clk 00:07:07]} {[%emt 00:01:45]} Qf8
{[%clk 00:15:48]} {[%emt 00:00:57]} 34. Qf4 {[%clk 00:07:09]} {[%emt 00:00:28]}
Kg7 {[%clk 00:15:45]} {[%emt 00:00:32]} 35. Kf1 {[%clk 00:06:14]} {[%emt
00:01:25]} Kh8 {[%clk 00:16:02]} {[%emt 00:00:13]} 36. Ke2 {[%clk 00:05:19]}
{[%emt 00:01:26]} Kg7 {[%clk 00:16:25]} {[%emt 00:00:06]} 37. Qg3 {[%clk
00:05:43]} {[%emt 00:00:05]} Kh8 {[%clk 00:16:40]} {[%emt 00:00:15]} 38. Qh4
{[%clk 00:06:02]} {[%emt 00:00:10]} Rf7 {[%clk 00:15:36]} {[%emt 00:01:35]} 39.
f4 {[%clk 00:02:54]} {[%emt 00:03:39]} Kg7 {[%clk 00:12:23]} {[%emt 00:03:43]}
40. Kd3 {[%clk 00:01:46]} {[%emt 00:01:39]} Kh8 {[%clk 00:11:19]} {[%emt
00:01:34]} 41. Qh5 {[%clk 00:00:51]} {[%emt 00:01:25]} Kg7 {[%clk 00:08:22]}
{[%emt 00:03:27]} 42. Kd2 {[%clk 00:24:22]} {[%emt 00:06:59]} Kh8 {[%clk
00:38:31]} {[%emt 00:00:20]} 43. Re8 {[%clk 00:23:22]} {[%emt 00:01:30]} Qg7
{[%clk 00:38:27]} {[%emt 00:00:35]} 44. Qh4 {[%clk 00:14:08]} {[%emt 00:09:43]}
Rgf8 {[%clk 00:36:06]} {[%emt 00:02:51]} 45. R8e6 {[%clk 00:14:11]} {[%emt
00:00:26]} Rd7 {[%clk 00:36:12]} {[%emt 00:00:24]} 46. Re8 {[%clk 00:09:36]}
{[%emt 00:05:05]} Qf7 {[%clk 00:23:21]} {[%emt 00:13:20]} 47. Qe1 {[%clk
00:06:22]} {[%emt 00:03:44]} Kg7 {[%clk 00:23:41]} {[%emt 00:00:10]} 48. Qe2
{[%clk 00:05:14]} {[%emt 00:01:39]} Kg8 {[%clk 00:22:48]} {[%emt 00:01:23]} 49.
R4e6 {[%clk 00:05:22]} {[%emt 00:00:22]} Kg7 {[%clk 00:22:51]} {[%emt
00:00:27]} 50. Qe4 {[%clk 00:04:36]} {[%emt 00:01:16]} Kg8 {[%clk 00:21:14]}
{[%emt 00:02:07]} 51. Rxd8 {[%clk 00:02:44]} {[%emt 00:02:23]} Rdxd8 {[%clk
00:21:35]} {[%emt 00:00:09]} 52. Nxf6+ {[%clk 00:02:56]} {[%emt 00:00:17]} Kh8
{[%clk 00:20:26]} {[%emt 00:01:38]} 53. g5 {[%clk 00:02:55]} {[%emt 00:00:32]}
Qg7 {[%clk 00:20:49]} {[%emt 00:00:07]} 54. Nh5 {[%clk 00:00:37]} {[%emt
00:02:48]} Qg8 {[%clk 00:16:11]} {[%emt 00:05:07]} 55. g6 {[%clk 00:00:55]}
{[%emt 00:00:13]} Rd7 {[%clk 00:15:23]} {[%emt 00:01:18]} 56. Nf6 {[%clk
00:00:32]} {[%emt 00:00:53]} Qg7 {[%clk 00:12:43]} {[%emt 00:03:09]} 57. Nxd7
{[%clk 00:00:38]} {[%emt 00:00:24]} d3 {[%clk 00:13:11]} {[%emt 00:00:02]} 58.
Nxc5 dxc5 59. Qe5 Qxe5 60. fxe5 Rxf5 {[%clk 00:13:11]} 61. gxh7 {[%clk
00:00:33]} 1-0

[Event "Amsterdam Science Park 2023"]
[Site "Science Park, Amsterdam, Netherlands"]
[Date "2023.07.22"]
[Round "8.10"]
[White "Pronk, Sven"]
[Black "Boeren, Jurriaan"]
[Result "1/2-1/2"]
[WhiteElo "2050"]
[BlackElo "1987"]

1. d4 {[%clk 01:30:57]} {[%emt 00:00:02]} d5 {[%clk 01:30:27]} {[%emt
00:00:33]} 2. c4 {[%clk 01:31:18]} {[%emt 00:00:07]} e6 {[%clk 01:30:44]}
{[%emt 00:00:15]} 3. Nc3 {[%clk 01:31:43]} {[%emt 00:00:05]} Nf6 {[%clk
01:31:09]} {[%emt 00:00:06]} 4. Bg5 {[%clk 01:31:59]} {[%emt 00:00:14]} dxc4
{[%clk 01:31:26]} {[%emt 00:00:13]} 5. e3 {[%clk 01:29:58]} {[%emt 00:02:29]}
c5 {[%clk 01:31:30]} {[%emt 00:00:28]} 6. Bxc4 {[%clk 01:29:27]} {[%emt
00:01:01]} cxd4 {[%clk 01:31:12]} {[%emt 00:00:48]} 7. exd4 {[%clk 01:29:49]}
{[%emt 00:00:07]} Nc6 {[%clk 01:31:36]} {[%emt 00:00:07]} 8. Nf3 {[%clk
01:29:33]} {[%emt 00:00:46]} Be7 {[%clk 01:31:38]} {[%emt 00:00:28]} 9. O-O
{[%clk 01:28:50]} {[%emt 00:01:12]} O-O {[%clk 01:31:56]} {[%emt 00:00:13]} 10.
a3 {[%clk 01:29:16]} {[%emt 00:00:04]} a6 {[%clk 01:29:55]} {[%emt 00:02:31]}
11. Rc1 {[%clk 01:25:18]} {[%emt 00:04:27]} b5 {[%clk 01:23:30]} {[%emt
00:06:55]} 12. Ba2 {[%clk 01:25:09]} {[%emt 00:00:39]} Bb7 {[%clk 01:18:23]}
{[%emt 00:05:38]} 13. Qd3 {[%clk 01:19:30]} {[%emt 00:06:08]} Qa5 {[%clk
01:10:48]} {[%emt 00:08:06]} 14. Bb1 {[%clk 01:10:19]} {[%emt 00:09:41]} g6
{[%clk 01:10:49]} {[%emt 00:00:29]} 15. Rfe1 {[%clk 00:57:54]} {[%emt
00:12:54]} b4 {[%clk 01:00:35]} {[%emt 00:10:44]} 16. Bxf6 {[%clk 00:54:31]}
{[%emt 00:03:53]} Bxf6 {[%clk 00:59:27]} {[%emt 00:01:39]} 17. Ne4 {[%clk
00:54:01]} {[%emt 00:00:59]} Be7 {[%clk 00:52:19]} {[%emt 00:07:38]} 18. Nc5
{[%clk 00:51:51]} {[%emt 00:02:40]} Qc7 {[%clk 00:44:45]} {[%emt 00:08:05]} 19.
Qe4 {[%clk 00:40:22]} {[%emt 00:11:58]} Rac8 {[%clk 00:29:57]} {[%emt
00:15:18]} 20. axb4 {[%clk 00:31:14]} {[%emt 00:09:38]} Ba8 {[%clk 00:26:28]}
{[%emt 00:04:00]} 21. Qe3 {[%clk 00:23:28]} {[%emt 00:08:16]} Qa7 {[%clk
00:23:02]} {[%emt 00:03:57]} 22. Ba2 {[%clk 00:20:04]} {[%emt 00:03:53]} Nxb4
{[%clk 00:15:33]} {[%emt 00:07:59]} 23. Bxe6 {[%clk 00:17:40]} {[%emt
00:02:54]} fxe6 {[%clk 00:11:05]} {[%emt 00:04:57]} 24. Qxe6+ {[%clk 00:17:49]}
{[%emt 00:00:20]} Kh8 {[%clk 00:11:30]} {[%emt 00:00:06]} 25. Qxe7 {[%clk
00:17:28]} {[%emt 00:00:51]} Qxe7 {[%clk 00:11:52]} {[%emt 00:00:09]} 26. Rxe7
{[%clk 00:17:41]} {[%emt 00:00:17]} Bxf3 {[%clk 00:11:55]} {[%emt 00:00:27]} 27.
gxf3 {[%clk 00:18:03]} {[%emt 00:00:07]} Rxf3 {[%clk 00:11:36]} {[%emt
00:00:50]} 28. Rce1 {[%clk 00:07:20]} {[%emt 00:11:13]} Kg8 {[%clk 00:07:36]}
{[%emt 00:04:30]} 29. Rb7 {[%clk 00:04:42]} {[%emt 00:03:08]} Nc6 {[%clk
00:03:02]} {[%emt 00:05:05]} 30. Ne6 {[%clk 00:04:33]} {[%emt 00:00:39]} Re8
{[%clk 00:01:33]} {[%emt 00:01:59]} 31. d5 {[%clk 00:02:33]} {[%emt 00:02:30]}
Nd4 {[%clk 00:00:44]} {[%emt 00:01:19]} 32. Rd1 {[%clk 00:01:14]} {[%emt
00:01:48]} Nxe6 {[%clk 00:00:52]} {[%emt 00:00:23]} 33. dxe6 {[%clk 00:01:05]}
{[%emt 00:00:38]} Rxe6 {[%clk 00:01:16]} {[%emt 00:00:06]} 34. Rd8+ {[%clk
00:01:13]} {[%emt 00:00:21]} Rf8 {[%clk 00:01:39]} {[%emt 00:00:08]} 35. Rdd7
{[%clk 00:01:40]} {[%emt 00:00:03]} Rc8 {[%clk 00:00:43]} {[%emt 00:01:26]} 36.
Rg7+ {[%clk 00:02:01]} {[%emt 00:00:09]} Kh8 {[%clk 00:00:50]} {[%emt
00:00:23]} 37. Rxh7+ {[%clk 00:02:26]} {[%emt 00:00:05]} Kg8 {[%clk 00:01:19]}
{[%emt 00:00:01]} 38. Rbg7+ {[%clk 00:01:34]} {[%emt 00:01:21]} Kf8 {[%clk
00:01:44]} {[%emt 00:00:06]} 39. Ra7 {[%clk 00:01:16]} {[%emt 00:00:47]} Kg8
{[%clk 00:01:44]} {[%emt 00:00:31]} 40. Rag7+ {[%clk 00:01:02]} {[%emt
00:00:44]} Kf8 {[%clk 00:02:04]} {[%emt 00:00:10]} 41. Rb7 {[%clk 00:23:00]}
{[%emt 00:08:31]} Kg8 {[%clk 00:32:23]} {[%emt 00:00:11]} 42. Rhg7+ {[%clk
00:23:06]} {[%emt 00:00:24]} Kh8 {[%clk 00:28:59]} {[%emt 00:03:54]} 43. Kg2
{[%clk 00:22:34]} {[%emt 00:01:01]} Rd8 {[%clk 00:25:23]} {[%emt 00:04:07]} 44.
Rgf7 {[%clk 00:20:48]} {[%emt 00:02:16]} Kg8 {[%clk 00:25:08]} {[%emt
00:00:45]} 45. Rfe7 {[%clk 00:18:08]} {[%emt 00:03:11]} Rxe7 {[%clk 00:25:04]}
{[%emt 00:00:34]} 46. Rxe7 {[%clk 00:18:35]} {[%emt 00:00:01]} Rb8 {[%clk
00:25:00]} {[%emt 00:00:35]} 47. Re2 {[%clk 00:18:27]} {[%emt 00:00:39]} Rb3
{[%clk 00:24:48]} {[%emt 00:00:42]} 48. f3 {[%clk 00:17:49]} {[%emt 00:01:07]}
Kf7 {[%clk 00:24:41]} {[%emt 00:00:38]} 49. Kg3 {[%clk 00:18:09]} {[%emt
00:00:10]} a5 {[%clk 00:24:07]} {[%emt 00:01:04]} 50. Kg4 {[%clk 00:16:04]}
{[%emt 00:02:34]} a4 {[%clk 00:22:47]} {[%emt 00:01:52]} 51. h4 {[%clk
00:14:02]} {[%emt 00:02:30]} a3 {[%clk 00:22:05]} {[%emt 00:01:13]} 52. bxa3
{[%clk 00:14:27]} {[%emt 00:00:04]} Rxa3 {[%clk 00:22:34]} {[%emt 00:00:02]} 53.
Rb2 {[%clk 00:14:49]} {[%emt 00:00:08]} Ra6 {[%clk 00:22:44]} {[%emt 00:00:20]}
54. Rb5 {[%clk 00:14:58]} {[%emt 00:00:20]} Kf6 {[%clk 00:22:50]} {[%emt
00:00:25]} 55. h5 {[%clk 00:12:59]} {[%emt 00:02:29]} gxh5+ {[%clk 00:23:15]}
{[%emt 00:00:05]} 56. Kxh5 {[%clk 00:13:19]} {[%emt 00:00:10]} Kf7 {[%clk
00:23:06]} {[%emt 00:00:39]} 57. f4 {[%clk 00:13:27]} {[%emt 00:00:21]} Rc6
{[%clk 00:23:24]} {[%emt 00:00:12]} 58. f5 {[%clk 00:13:40]} {[%emt 00:00:18]}
Ra6 {[%clk 00:23:38]} {[%emt 00:00:16]} 59. Kg5 {[%clk 00:14:04]} {[%emt
00:00:05]} Rc6 {[%clk 00:24:00]} {[%emt 00:00:08]} 60. Rb7+ {[%clk 00:14:30]}
{[%emt 00:00:04]} Kf8 {[%clk 00:24:26]} {[%emt 00:00:05]} 61. Rb5 {[%clk
00:14:05]} {[%emt 00:00:55]} Ra6 {[%clk 00:24:42]} {[%emt 00:00:14]} 62. f6
{[%clk 00:14:17]} {[%emt 00:00:18]} Ra1 {[%clk 00:24:56]} {[%emt 00:00:15]}
1/2-1/2